<?xml version="1.0" encoding="UTF-8"?><?xml-stylesheet type="text/xsl" href="static/style.xsl"?><OAI-PMH xmlns="http://www.openarchives.org/OAI/2.0/" xmlns:xsi="http://www.w3.org/2001/XMLSchema-instance" xsi:schemaLocation="http://www.openarchives.org/OAI/2.0/ http://www.openarchives.org/OAI/2.0/OAI-PMH.xsd"><responseDate>2026-04-13T04:14:22Z</responseDate><request verb="GetRecord" identifier="oai:www.recercat.cat:2117/445034" metadataPrefix="marc">https://recercat.cat/oai/request</request><GetRecord><record><header><identifier>oai:recercat.cat:2117/445034</identifier><datestamp>2025-11-01T18:04:49Z</datestamp><setSpec>com_2072_1033</setSpec><setSpec>col_2072_452951</setSpec></header><metadata><record xmlns="http://www.loc.gov/MARC21/slim" xmlns:dcterms="http://purl.org/dc/terms/" xmlns:xsi="http://www.w3.org/2001/XMLSchema-instance" xmlns:doc="http://www.lyncode.com/xoai" xsi:schemaLocation="http://www.loc.gov/MARC21/slim http://www.loc.gov/standards/marcxml/schema/MARC21slim.xsd">
   <leader>00925njm 22002777a 4500</leader>
   <datafield ind2=" " ind1=" " tag="042">
      <subfield code="a">dc</subfield>
   </datafield>
   <datafield ind2=" " ind1=" " tag="720">
      <subfield code="a">Herrero Moncayola, Raúl</subfield>
      <subfield code="e">author</subfield>
   </datafield>
   <datafield ind2=" " ind1=" " tag="260">
      <subfield code="c">2025-09</subfield>
   </datafield>
   <datafield ind2=" " ind1=" " tag="520">
      <subfield code="a">El presente Trabajo de Fin de Grado (TFG) tiene como objetivo principal reducir el carbono embebido asociado a un edificio real mediante la sustitución de los materiales más influyentes, en cuanto a emisiones de carbono, por alternativas más sostenibles. Para alcanzar este objetivo, se ha aplicado una metodología basada en el análisis de ciclo de vida (ACV) del edificio, empleando el software especializado de One Click LCA. Esta herramienta ha permitido cuantificar de forma precisa el impacto ambiental de cada material utilizado en la construcción a lo largo de todas sus fases, con especial énfasis en la etapa de fabricación, donde se concentra la mayor parte del carbono embebido. El estudio se ha centrado en un centro de datos ya construido, donde se ha realizado un análisis detallado del carbono embebido asociado a los materiales arquitectónicos empleados. A partir de esta línea base, se ha diseñado una propuesta de mejora basada en la sustitución por materiales sostenibles y comercialmente disponibles, logrando una reducción significativa del 32,7 % en las emisiones totales de carbono embebido, que representan una disminución absoluta de 7.729 toneladas de CO₂ equivalente. Estos resultados han sido validados mediante gráficas de distribución del carbono por fases constructivas y materiales, confirmando la fiabilidad del software utilizado y la aplicabilidad técnica de las soluciones propuestas. Además, se ha explorado el potencial de materiales emergentes con capacidad para reducir el carbono embebido, identificando sus propiedades y limitaciones actuales en términos de normalización y costes económicos, dado que la literatura científica se encuentra aún en una fase descriptiva y experimental. Finalmente, se propone como continuidad ampliar el análisis a las instalaciones técnicas del edificio, que suponen una parte considerable del carbono embebido y cuya integración permitiría cerrar completamente el estudio ambiental del centro de datos. En conclusión, este TFG demuestra que es viable reducir de manera sustancial el impacto ambiental en construcciones reales a través de decisiones informadas de diseño y especificación de materiales, apoyadas en herramientas digitales avanzadas. Asimismo, los resultados obtenidos proporcionan una base sólida para futuras investigaciones y aplicaciones prácticas en la descarbonización del sector de la construcción.</subfield>
   </datafield>
   <datafield ind1="8" ind2=" " tag="024">
      <subfield code="a">http://hdl.handle.net/2117/445034</subfield>
   </datafield>
   <datafield tag="653" ind2=" " ind1=" ">
      <subfield code="a">Àrees temàtiques de la UPC::Edificació</subfield>
   </datafield>
   <datafield tag="653" ind2=" " ind1=" ">
      <subfield code="a">Sustainable construction</subfield>
   </datafield>
   <datafield tag="653" ind2=" " ind1=" ">
      <subfield code="a">Building materials -- Environmental aspects</subfield>
   </datafield>
   <datafield tag="653" ind2=" " ind1=" ">
      <subfield code="a">Greenhouse gas mitigation</subfield>
   </datafield>
   <datafield tag="653" ind2=" " ind1=" ">
      <subfield code="a">Construcció sostenible</subfield>
   </datafield>
   <datafield tag="653" ind2=" " ind1=" ">
      <subfield code="a">Materials de construcció -- Aspectes ambientals</subfield>
   </datafield>
   <datafield tag="653" ind2=" " ind1=" ">
      <subfield code="a">Gasos d'efecte hivernacle -- Mitigació</subfield>
   </datafield>
   <datafield ind2="0" ind1="0" tag="245">
      <subfield code="a">Reducción del carbono embebido en proyectos constructivos mediante la utilización de materiales sostenibles</subfield>
   </datafield>
</record></metadata></record></GetRecord></OAI-PMH>